000 00695nam a22002177a 4500
999 _c9867
_d9867
003 AR-CdUCM
008 190328b ||||| |||| 00| 0 spa d
040 _aMUNICIPALIDAD PROVINCIAL DEL CUSCO
_cBIBLIOTECA MUNICIPAL DEL CUSCO
082 _a869.56 /
_bB34
100 _aBejarano, Carmen Luz
_911055
245 _aFuria de la arcilla /
260 _aLima :
_bCuadernos de Hipocampo,
_c1977.
300 _c19 cm.
440 _aSerie de las primicias.
_926368
500 _aDonación familia Nieto. Texto sin numeración.
505 _aContenido :Furia de la arcilla.
650 _aPoesías peruanas
_91481
650 _aPoesías del siglo XX.
_915565
942 _2ddc
_cLIBROS
945 _arum